000 00736nam a2200265Ia 4500
005 20260302114441.0
008 008 260114s9999 xx 000 0 eng d
020 _a9781666984781
037 _aTextbook
040 _aCRL
040 _beng
040 _cCRL
041 _2eng
041 _aeng
084 _qCRL
100 _aJerome Fanning Marsden Carroll
_91118806
245 0 _aAnthropology's Interrogation of Philosophy from the Eighteenth to the Twentieth Century
260 _bBloomsbury
260 _bLexington Books
260 _c2017
650 _aPhilosophy
856 _uhttps://doi.org/10.5040/9781666984781?locatt=label:secondary_bloomsburyCollections
942 _cEBOOK
999 _c1682598
_d1682598